Faculty of Law Library — Cairo University

Official Online Catalog

Droit International Et Droit Interne Dans La Jurisprudence Comparée Du Conseil Constitutionnel Et Du Conseil D'état / (Record no. 65829)

MARC details
000 -LEADER
fixed length control field 01032nam a2200313 4500
003 - CONTROL NUMBER IDENTIFIER
control field EG-GICUC
005 - DATE AND TIME OF LATEST TRANSACTION
control field 20260308123300.0
008 - FIXED-LENGTH DATA ELEMENTS--GENERAL INFORMATION
fixed length control field 260308b1999 fr ||||fr|||| 00| 0 fre d
020 ## - INTERNATIONAL STANDARD BOOK NUMBER
International Standard Book Number 2913397131
040 ## - CATALOGING SOURCE
Original cataloging agency EG-GiCUC
Language of cataloging fre
Transcribing agency EG-GiCUC
Modifying agency EG-GiCUC
Description conventions Rda
041 ## - LANGUAGE CODE
Language code of text/sound track or separate title fre
082 04 - DEWEY DECIMAL CLASSIFICATION NUMBER
Edition number 21
Classification number 341
Item number DU. D
092 04 - LOCALLY ASSIGNED DEWEY CALL NUMBER (OCLC)
Edition number 21
099 ## - LOCAL FREE-TEXT CALL NUMBER (OCLC)
Classification number Law1 11 341 DU. D 1999
100 1# - MAIN ENTRY--PERSONAL NAME
Personal name Dupuy, Pierre-marie
Relator term Auteur
245 1# - TITLE STATEMENT
Title Droit International Et Droit Interne Dans La Jurisprudence Comparée Du Conseil Constitutionnel Et Du Conseil D'état /
Statement of responsibility, etc. Pierre-marie Dupuy.
264 ## - PRODUCTION, PUBLICATION, DISTRIBUTION, MANUFACTURE, AND COPYRIGHT NOTICE
Place of production, publication, distribution, manufacture Paris:
Name of producer, publisher, distributor, manufacturer Université Pantheon-assas,
Date of production, publication, distribution, manufacture, or copyright notice 1999.
300 ## - PHYSICAL DESCRIPTION
Extent 128 page;
Dimensions 24 cm.
336 ## - CONTENT TYPE
Source rda contenu
Content type term texte
337 ## - MEDIA TYPE
Source rda medias
Media type term Ordinateur
338 ## - CARRIER TYPE
Source transporteur rda
Carrier type term Ressource en ligne
546 ## - LANGUAGE NOTE
Language note Texte en français
650 1# - SUBJECT ADDED ENTRY--TOPICAL TERM
Source of heading or term Droit international public
650 1# - SUBJECT ADDED ENTRY--TOPICAL TERM
Source of heading or term Droit International
651 1# - SUBJECT ADDED ENTRY--GEOGRAPHIC NAME
Source of heading or term qrmak
856 40 - ELECTRONIC LOCATION AND ACCESS
Uniform Resource Identifier <a href="https://fll.law.cu.edu.eg/fulltext/bks/B11-06594.pdf">https://fll.law.cu.edu.eg/fulltext/bks/B11-06594.pdf</a>
905 ## - Cataloger and Reviser Names
Cataloger Name: Esraa Hossam
942 ## - ADDED ENTRY ELEMENTS (KOHA)
Source of classification or shelving scheme Dewey Decimal Classification
Koha item type Books
Edition 21
Suppress in OPAC No
Holdings
Withdrawn status Lost status Source of classification or shelving scheme Damaged status Not for loan Collection Home library Current library Date acquired Total checkouts Full call number Barcode Date last seen Copy number Price effective from Koha item type
    Dewey Decimal Classification   Not for loan القانون الدولي العام جــــامعة القــاهرة مكتبة كلية الحقوق - المبنى الرئيسي 08.03.2026   Law1 11 341 DU. D 1999 1106594 C1 B11-06594 08.03.2026 1 08.03.2026 Books
    Dewey Decimal Classification   Not for loan القانون الدولي العام جــــامعة القــاهرة مكتبة كلية الحقوق - المبنى الرئيسي 16.04.2026   Law1 11 341 DU. D 1999 1109075 C2 B11-09075 16.04.2026 2 16.04.2026 Books

© All rights reserved — Faculty of Law, Cairo University